000 00876nam2a2200241 4500
001 RU\NLR\PER_A\010252240_000910
005 20260118052441.0
035 _a(NLR Aleph) 022700687
090 _a13515995
_c13515995
100 _a20260114d2025 u y0rusy50 ca
101 0 _arus
102 _aRU
200 1 _aМиры Христианского Востока
210 _d2025
461 0 _1001RU\NLR\Per\1013612
_12001#$aИсторическiй вестникъ$vТ. 53
_910428585
_cМосква
_d2012 -
_n[б. и.]
_tИсторическiй вестникъ
_x2306-4978
_vТ. 53
606 1 _aХристианство
_jСборники
_xИстория
_yСтраны Востока
_92106536
_3RU\NLR\AUTH\661273463
686 2 _aЭ37-39(5)я43
852 _aNLR
_jП23/8761
942 _cISSUE
980 _aRUSPER
980 _aNB